000 00503nam a22001937a 4500
003 OSt
005 20160419150602.0
008 160419b xxu||||| |||| 00| 0 eng d
020 _a0275963438
040 _cDDC.
082 _a361.1SOC 2001.
100 _aApollo Rwomire;
_98091
245 _aSocial Problems in Africa.
_bNew Visions.
260 _aLondon.
_bPraeger.
_c2001.
300 _axiv,242p;
_bill;
_c20cm
504 _aincludes index
650 _aSocial Problems.
_95047
942 _2ddc
_cSLOAN
999 _c3633
_d3633